【プロ野球】2026年の東北楽天ゴールデンイーグルスの選手 - Statistics

General Stats
  • This quiz has been taken 46 times
  • The average score is 46 of 69
Answer Stats
背番号 選手名 % Correct
11 岸孝之
96%
2 太田光
96%
27 伊藤光
92%
0 小深田大翔
92%
1 宗山塁
92%
3 浅村栄斗
92%
6 村林一輝
92%
8 辰己涼介
92%
17 古謝樹
88%
21 早川隆久
88%
7 鈴木大地
88%
9 ボイト
88%
56 鈴木翔天
85%
24 黒川史陽
85%
51 小郷裕哉
85%
18 前田健太
81%
47 藤井聖
81%
70 石原彪
81%
13 藤原聡大
77%
46 藤平尚真
77%
65 堀内謙伍
77%
55 YG安田
77%
19 荘司康誠
73%
20 伊藤樹
73%
43 宋家豪
73%
12 ゴンザレス
73%
25 田中和基
73%
62 西口直人
69%
39 伊藤裕季也
69%
32 中島大輔
69%
34 マッカスカー
69%
49 西垣雅矢
65%
53 坂井陽翔
65%
48 平良竜哉
65%
78 吉野創士
65%
15 コントレラス
62%
28 酒居知史
62%
31 渡辺翔太
62%
44 田中貴也
62%
38 佐藤直樹
62%
22 ウレーニャ
58%
41 加治屋蓮
58%
66 今野龍太
58%
69 内星龍
58%
35 渡邊佳明
58%
26 中込陽翔
54%
40 江原雅裕
54%
57 瀧中瞭太
54%
58 辛島航
54%
59 泰勝利
54%
50 武藤敦貴
54%
29 田中千晴
50%
52 津留﨑大成
50%
54 日當直喜
50%
67 大内誠弥
50%
71 柴田大地
50%
72 大栄利哉
50%
30 繁永晟
50%
60 ワォーターズ
50%
63 入江大樹
50%
75 陽柏翔
50%
36 吉納翼
50%
45 九谷瑠
46%
64 林優樹
46%
68 青野拓海
46%
79 伊藤大晟
42%
73 小森航大郎
42%
61 古賀康誠
38%
42 阪上翔也
31%
No matching quizzes found
Score Distribution
Percent of People with Each Score
Percentile by Number Answered
Your Score History
You have not taken this quiz